[Event "Wch Seniors 50 32nd"]
[Site "Porto Santo"]
[Date "2024.11.26"]
[Round "9"]
[White "Garma, Chito"]
[Black "Vedder, Richard"]
[Result "1-0"]
[WhiteElo "2217"]
[BlackElo "2241"]
[PlyCount "79"]
[EventDate "2024.11.17"]
[EventType "swiss"]
[EventRounds "11"]
[EventCountry "POR"]
[SourceTitle "CB49_2024"]
[SourceDate "2024.12.04"]
[SourceVersion "1"]
[SourceVersionDate "2024.12.04"]
[SourceQuality "1"]

1. e4 e5 2. Nf3 Nc6 3. Bb5 a6 4. Ba4 Nf6 5. d3 d6 6. c3 g6 7. 0-0 Bg7 8. d4 exd4 9. cxd4 0-0 10. d5 Nb8 11. Nc3 Nbd7 12. h3 Nc5 13. Bc2 Re8 14. Re1 c6 15. dxc6 bxc6 16. Bf4 d5 17. exd5 Rxe1+ 18. Qxe1 Nxd5 19. Rd1 Ne6 20. Be5 Bb7 21. Ne4 Qe7 22. Nd6 Bxe5 23. Qxe5 f6 24. Qh2 Nef4 25. Nxb7 Qxb7 26. Bb3 Kg7 27. Nd4 Re8 28. Bxd5 Nxd5 29. Qd6 Qe7 30. Qxc6 Qe4 31. Nc2 Nf4 32. Rd7+ Kh6 33. Qxe4 Rxe4 34. Ne3 Re6 35. h4 f5 36. g3 Ne2+ 37. Kg2 f4 38. Ng4+ Kh5 39. Rd5+ Kxg4 40. f3# 1-0

[Event "Wch Seniors 50 32nd"]
[Site "Porto Santo"]
[Date "2024.11.21"]
[Round "5"]
[White "Garma, Chito"]
[Black "Piskov, Yury"]
[Result "0-1"]
[WhiteElo "2217"]
[BlackElo "2442"]
[PlyCount "52"]
[EventDate "2024.11.17"]
[EventType "swiss"]
[EventRounds "11"]
[EventCountry "POR"]
[SourceTitle "CB49_2024"]
[SourceDate "2024.12.04"]
[SourceVersion "1"]
[SourceVersionDate "2024.12.04"]
[SourceQuality "1"]

1. e4 e6 2. d4 d5 3. Nd2 c5 4. Ngf3 Nc6 5. exd5 exd5 6. dxc5 Bxc5 7. Nb3 Bb6 8. Bd3 Qe7+ 9. Be2 Nf6 10. 0-0 0-0 11. Bg5 h6 12. Bh4 g5 13. Bg3 Ne4 14. Re1 Rd8 15. Nfd4 f5 16. c3 f4 17. f3 Nxg3 18. hxg3 Qe3+ 19. Kh1 fxg3 20. Qd3 Qe8 21. f4 gxf4 22. Bg4 Ne5 23. Qe2 Bxg4 24. Qxe5 Qf7 25. Ne6 Re8 26. Nbd4 Bxd4 0-1

[Event "Quezon City Neri op 1st"]
[Site "Quezon City"]
[Date "2024.08.26"]
[Round "4"]
[White "Telesforo, Checy Aliena"]
[Black "Garma, Chito"]
[Result "1/2-1/2"]
[WhiteElo "1838"]
[BlackElo "2217"]
[PlyCount "57"]
[EventDate "2024.08.25"]
[EventType "swiss"]
[EventRounds "6"]
[EventCountry "PHI"]
[SourceTitle "CBM 221 Extra"]
[Source "ChessBase"]
[SourceDate "2024.09.30"]
[SourceVersion "1"]
[SourceVersionDate "2024.09.30"]
[SourceQuality "1"]

1. Nf3 Nf6 2. b3 d6 3. d4 c5 4. Bb2 cxd4 5. Nxd4 e5 6. Nf3 e4 7. Nd4 e3 8. f3 Be7 9. Nc3 0-0 10. Qd3 Re8 11. 0-0-0 Nc6 12. Nxc6 bxc6 13. Kb1 Bf8 14. g4 d5 15. g5 Nh5 16. h4 Rb8 17. Na4 Qa5 18. Qc3 Qb5 19. Rd3 Ng3 20. Rg1 Nf5 21. Qe1 Bb4 22. Qd1 Bd2 23. Rxd2 exd2 24. Qxd2 d4 25. c3 c5 26. Qf4 Ne3 27. cxd4 cxd4 28. Qxd4 Bf5+ 29. Kc1 1/2-1/2

[Event "Quezon City Neri op 1st"]
[Site "Quezon City"]
[Date "2024.08.25"]
[Round "2"]
[White "Escote, Leonel"]
[Black "Garma, Chito"]
[Result "1-0"]
[WhiteElo "1900"]
[BlackElo "2217"]
[PlyCount "65"]
[EventDate "2024.08.25"]
[EventType "swiss"]
[EventRounds "6"]
[EventCountry "PHI"]
[SourceTitle "CBM 221 Extra"]
[Source "ChessBase"]
[SourceDate "2024.09.30"]
[SourceVersion "1"]
[SourceVersionDate "2024.09.30"]
[SourceQuality "1"]

1. e4 c5 2. c3 d6 3. d4 Qc7 4. Bd3 Nf6 5. h3 e6 6. Nf3 Be7 7. 0-0 0-0 8. Qe2 Re8 9. e5 Nfd7 10. Qe4 Nf8 11. exd6 Bxd6 12. Na3 Bd7 13. Nb5 Bxb5 14. Bxb5 Nbd7 15. Rd1 a6 16. Ba4 b5 17. Bc2 e5 18. dxe5 Nxe5 19. Nxe5 Bxe5 20. Qg4 b4 21. Qc4 bxc3 22. bxc3 Qa5 23. Rd3 Rad8 24. Rf3 Ne6 25. Rb1 Bf6 26. Rxf6 gxf6 27. Bh6 Nd4 28. Bxh7+ Kh8 29. Qxf7 Nf3+ 30. gxf3 Rg8+ 31. Bxg8 Rxg8+ 32. Kh1 Qxc3 33. Bg7+ 1-0

[Event "Asia-ch Seniors"]
[Site "Tagaytay City"]
[Date "2023.10.20"]
[Round "8"]
[White "Milligan, Helen"]
[Black "Garma, Chito"]
[Result "0-1"]
[WhiteElo "1947"]
[BlackElo "2222"]
[PlyCount "64"]
[EventDate "2023.10.15"]
[EventType "swiss"]
[EventRounds "9"]
[EventCountry "PHI"]
[SourceTitle "CBM 216 Extra"]
[Source "ChessBase"]
[SourceDate "2023.11.30"]
[SourceVersion "1"]
[SourceVersionDate "2023.11.30"]
[SourceQuality "1"]

1. e4 e5 2. Nf3 Nc6 3. Bc4 Bc5 4. c3 Nf6 5. d3 a6 6. Nbd2 0-0 7. 0-0 d6 8. Bb3 b5 9. Re1 Be6 10. Bc2 Ng4 11. Re2 Bxf2+ 12. Kh1 Ne3 13. Rxe3 Bxe3 14. Nf1 Bxc1 15. Qxc1 h6 16. Ne3 Ne7 17. Qe1 f5 18. d4 fxe4 19. Bxe4 d5 20. Bc2 e4 21. Ne5 Qd6 22. Bb3 Nf5 23. Rd1 Nxe3 24. Qxe3 Rf5 25. h3 Raf8 26. Kg1 c5 27. a3 a5 28. Ng6 cxd4 29. cxd4 Rf3 30. gxf3 Qg3+ 31. Kh1 Qxh3+ 32. Kg1 Qg3+ 0-1

[Event "Asian Continental op 17th"]
[Site "Makati"]
[Date "2018.12.13"]
[Round "4"]
[White "Garma, Chito"]
[Black "Gomez, John Paul"]
[Result "1/2-1/2"]
[WhiteElo "2342"]
[BlackElo "2450"]
[PlyCount "64"]
[EventDate "2018.12.10"]
[EventType "swiss"]
[EventRounds "9"]
[EventCountry "PHI"]
[SourceTitle "CBM 187 Extra"]
[Source "ChessBase"]
[SourceDate "2018.11.04"]
[SourceVersion "1"]
[SourceVersionDate "2018.11.04"]
[SourceQuality "1"]

1. e4 e5 2. Nf3 Nc6 3. d4 exd4 4. Nxd4 Nf6 5. Nxc6 bxc6 6. Bd3 d5 7. Qe2 dxe4 8. Bxe4 Nxe4 9. Qxe4+ Qe7 10. Qxe7+ Bxe7 11. 0-0 Bf5 12. Be3 Bxc2 13. Rc1 Bxb1 14. Raxb1 Kd7 15. Rc2 a5 16. Rbc1 Ra6 17. a4 Rb8 18. Rd1+ Bd6 19. Rd3 c5 20. Bxc5 Rc6 21. g3 Kc8 22. Rdc3 Be5 23. Bd4 Rxc3 24. Bxc3 Bxc3 25. Rxc3 Rxb2 26. Rc5 Kb7 27. Rxa5 Kb6 28. Ra8 Ra2 29. Rb8+ Ka5 30. Rc8 Kb6 31. Rb8+ Ka5 32. Rc8 Kb6 1/2-1/2

[Event "Asian Continental op 17th"]
[Site "Makati"]
[Date "2018.12.10"]
[Round "1"]
[White "Abdusattorov, Nodirbek"]
[Black "Garma, Chito"]
[Result "1-0"]
[WhiteElo "2546"]
[BlackElo "2342"]
[PlyCount "75"]
[EventDate "2018.12.10"]
[EventType "swiss"]
[EventRounds "9"]
[EventCountry "PHI"]
[SourceTitle "CBM 187 Extra"]
[Source "ChessBase"]
[SourceDate "2018.11.04"]
[SourceVersion "1"]
[SourceVersionDate "2018.11.04"]
[SourceQuality "1"]

1. e4 c5 2. Nf3 d6 3. d4 cxd4 4. Nxd4 Nf6 5. f3 e5 6. Nb3 Be6 7. c4 Nbd7 8. Be3 Nh5 9. Nc3 Nb6 10. Na5 Rb8 11. Qd2 Be7 12. Nd5 0-0 13. Nxe7+ Qxe7 14. Rd1 Rfd8 15. Be2 Rbc8 16. Rc1 Nf4 17. Bxf4 exf4 18. 0-0 Qh4 19. b4 Rd7 20. Rfd1 h5 21. Bf1 Qf6 22. Rc2 Rdc7 23. Rdc1 Nd7 24. Qxd6 Ne5 25. Qd2 b6 26. Nb3 Qg5 27. Qf2 Bxc4 28. Nd2 b5 29. a4 Rd8 30. h4 Qg6 31. Nxc4 bxc4 32. Bxc4 Rxc4 33. Rxc4 Nxc4 34. Rxc4 Rd1+ 35. Kh2 Qf6 36. e5 Qxe5 37. Rc8+ Kh7 38. Qc2+ 1-0

[Event "Asia-ch Seniors 9th"]
[Site "Tagaytay City"]
[Date "2018.11.05"]
[Round "3"]
[White "Khin, Than"]
[Black "Garma, Chito"]
[Result "1/2-1/2"]
[WhiteElo "2200"]
[BlackElo "2317"]
[PlyCount "110"]
[EventDate "2018.11.04"]
[EventType "swiss"]
[EventRounds "9"]
[EventCountry "PHI"]
[SourceTitle "EXT 2021"]
[Source "ChessBase"]
[SourceDate "2020.10.23"]
[SourceVersion "1"]
[SourceVersionDate "2020.10.23"]
[SourceQuality "1"]

1. d4 d5 2. Nf3 e6 3. Bf4 Bd6 4. Bg3 c5 5. e3 Nc6 6. c3 Nge7 7. Bd3 f5 8. Nbd2 0-0 9. 0-0 a6 10. b3 b5 11. a4 b4 12. Bxd6 Qxd6 13. c4 Bb7 14. Rc1 cxd4 15. c5 Qc7 16. exd4 Qf4 17. Qe2 Rf6 18. Qe3 Qg4 19. h3 Qh5 20. Be2 f4 21. Qd3 a5 22. Nh2 Qf7 23. Ndf3 h5 24. Qd2 Nf5 25. Bb5 Qc7 26. Rfe1 Raf8 27. Bxc6 Bxc6 28. Re5 Be8 29. Rce1 Bf7 30. Ng5 Nh4 31. Nhf3 Nxf3+ 32. Nxf3 Bg6 33. Ng5 Bf5 34. Nxe6 Bxe6 35. Rxe6 f3 36. Rxf6 Rxf6 37. Qg5 Qf7 38. g3 Rg6 39. Qe5 h4 40. g4 Rf6 41. Qe8+ Qxe8 42. Rxe8+ Kf7 43. Re5 Rf4 44. Rxd5 Ke6 45. Re5+ Kd7 46. Rf5 Rxd4 47. Rxf3 Rd5 48. Kg2 Rxc5 49. Rd3+ Ke6 50. Kf3 Ke5 51. Ke3 g5 52. Kf3 Rc2 53. Ke3 Rb2 54. Kf3 Rc2 55. Ke3 Rb2 1/2-1/2

[Event "Asia-ch Seniors 9th"]
[Site "Tagaytay City"]
[Date "2018.11.04"]
[Round "2"]
[White "Garma, Chito"]
[Black "Pacis, Adrian"]
[Result "1-0"]
[WhiteElo "2317"]
[BlackElo "2165"]
[PlyCount "55"]
[EventDate "2018.11.04"]
[EventType "swiss"]
[EventRounds "9"]
[EventCountry "PHI"]
[SourceTitle "EXT 2021"]
[Source "ChessBase"]
[SourceDate "2020.10.23"]
[SourceVersion "1"]
[SourceVersionDate "2020.10.23"]
[SourceQuality "1"]

1. e4 c5 2. Nf3 Nc6 3. d4 cxd4 4. Nxd4 Qb6 5. Nb3 Nf6 6. Nc3 e6 7. Be3 Qc7 8. a3 Be7 9. f4 d6 10. Qf3 a6 11. Bd3 b5 12. 0-0-0 Rb8 13. g4 b4 14. axb4 Nxb4 15. g5 Nd7 16. h4 Bb7 17. Kb1 d5 18. exd5 Nxd5 19. Nxd5 Bxd5 20. Be4 Bxe4 21. Qxe4 0-0 22. f5 e5 23. f6 Bb4 24. h5 a5 25. fxg7 Rfe8 26. Rhf1 Re7 27. g6 fxg6 28. Bh6 1-0

[Event "Bacolod Negros op"]
[Site "Bacolod"]
[Date "2017.10.16"]
[Round "5"]
[White "Garma, Chito"]
[Black "Pagaran, Michael Joseph"]
[Result "1-0"]
[WhiteElo "2327"]
[BlackElo "2118"]
[PlyCount "63"]
[EventDate "2017.10.11"]
[EventType "swiss"]
[EventRounds "9"]
[EventCountry "PHI"]
[SourceTitle "CBM 181 Extra"]
[Source "ChessBase"]
[SourceDate "2017.12.12"]
[SourceVersion "1"]
[SourceVersionDate "2017.12.12"]
[SourceQuality "1"]

1. e4 d5 2. exd5 Nf6 3. d4 Bg4 4. Nf3 Qxd5 5. Be2 Nc6 6. c4 Qh5 7. Be3 0-0-0 8. Nbd2 e5 9. d5 e4 10. dxc6 exf3 11. gxf3 Be6 12. cxb7+ Kb8 13. Qa4 Bc5 14. 0-0-0 Bxe3 15. fxe3 Qc5 16. Qb3 Nd5 17. Nf1 Nb6 18. Rxd8+ Rxd8 19. Nd2 Nd5 20. Rd1 Nxe3 21. Ne4 Rxd1+ 22. Qxd1 Qb4 23. Qd8+ Kxb7 24. Nd2 Qc5 25. Nb3 Qe5 26. f4 Qxf4 27. Nc5+ Kb6 28. Nd3 Qf6 29. Qb8+ Kc6 30. Bf3+ Kd6 31. Qf8+ Qe7 32. c5+ 1-0

[Event "PHI-ch"]
[Site "Manila"]
[Date "2017.09.12"]
[Round "10"]
[White "Laylo, Darwin"]
[Black "Garma, Chito"]
[Result "1/2-1/2"]
[WhiteElo "2433"]
[BlackElo "2325"]
[PlyCount "111"]
[EventDate "2017.09.06"]
[EventType "tourn"]
[EventRounds "11"]
[EventCountry "PHI"]
[EventCategory "1"]
[SourceTitle "CBM 180 Extra"]
[Source "ChessBase"]
[SourceDate "2017.10.06"]
[SourceVersion "1"]
[SourceVersionDate "2017.10.06"]
[SourceQuality "1"]

1. d4 d5 2. Nf3 Nf6 3. c4 c6 4. e3 e6 5. Bd3 Nbd7 6. 0-0 dxc4 7. Bxc4 b5 8. Bd3 a6 9. a4 Bb7 10. Qe2 Nd5 11. Nbd2 Be7 12. Rd1 Nb4 13. Bb1 0-0 14. e4 c5 15. e5 cxd4 16. Nxd4 Nxe5 17. Qxe5 Bf6 18. Qe2 Qxd4 19. Ne4 Qe5 20. f4 Qc7 21. Nxf6+ gxf6 22. Bxh7+ Kxh7 23. Qh5+ Kg7 24. Qg4+ Kh8 25. Ra3 Qc5+ 26. Kh1 Be4 27. Rc3 Qf2 28. Rg3 Qxg3 29. Qxg3 Rfd8 30. Rf1 Bf5 31. b3 Nd3 32. Be3 Rd5 33. h3 bxa4 34. bxa4 Rb8 35. Rf3 Rb4 36. a5 Rc4 37. Bb6 Rc2 38. Kh2 Be4 39. Qh4+ Kg7 40. Rg3+ Bg6 41. f5 exf5 42. Bd4 Ne5 43. Be3 Rd6 44. Bh6+ Kg8 45. Rb3 Nd7 46. Qe1 Ne5 47. Bf4 Re6 48. Qh4 Nc6 49. Qh6 Ree2 50. Rg3 Ne7 51. Bd6 f4 52. Qxf4 Nf5 53. Qxf5 Rxg2+ 54. Rxg2 Rxg2+ 55. Kxg2 Bxf5 56. h4 1/2-1/2

[Event "PHI-ch"]
[Site "Manila"]
[Date "2017.09.09"]
[Round "6"]
[White "Garma, Chito"]
[Black "Gomez, John Paul"]
[Result "1/2-1/2"]
[WhiteElo "2325"]
[BlackElo "2463"]
[PlyCount "62"]
[EventDate "2017.09.06"]
[EventType "tourn"]
[EventRounds "11"]
[EventCountry "PHI"]
[EventCategory "1"]
[SourceTitle "CBM 180 Extra"]
[Source "ChessBase"]
[SourceDate "2017.10.06"]
[SourceVersion "1"]
[SourceVersionDate "2017.10.06"]
[SourceQuality "1"]

1. e4 e6 2. d4 d5 3. exd5 exd5 4. Bd3 Nc6 5. c3 Bd6 6. h3 Nge7 7. Nf3 0-0 8. 0-0 Bf5 9. Bxf5 Nxf5 10. Qd3 Qd7 11. Re1 Rfe8 12. Rxe8+ Rxe8 13. Nbd2 Nfe7 14. Nf1 Qf5 15. Qxf5 Nxf5 16. Ne3 Nxe3 17. Bxe3 f6 18. Kf1 Kf7 19. Re1 Nd8 20. Bc1 Rxe1+ 21. Kxe1 Ne6 22. g3 c6 23. Ke2 g6 24. Be3 Ng7 25. Ne1 Nf5 26. Ng2 Ke6 27. Bf4 Bxf4 28. Nxf4+ Kf7 29. Nd3 b6 30. Nb4 Ne7 31. Nd3 Ke6 1/2-1/2

[Event "Tagaytay City zt 3.3"]
[Site "Tagaytay City"]
[Date "2017.03.03"]
[Round "7"]
[White "Garma, Chito"]
[Black "Jacutina, John Merill"]
[Result "1-0"]
[WhiteElo "2336"]
[BlackElo "2041"]
[PlyCount "210"]
[EventDate "2017.02.25"]
[EventType "swiss"]
[EventRounds "9"]
[EventCountry "PHI"]
[SourceTitle "CBM 177 Extra"]
[Source "ChessBase"]
[SourceDate "2017.04.27"]
[SourceVersion "1"]
[SourceVersionDate "2017.04.27"]
[SourceQuality "1"]

1. e4 d6 2. d4 Nf6 3. Nc3 g6 4. f3 Bg7 5. Be3 c6 6. Qd2 b5 7. Nge2 Nbd7 8. g4 Nb6 9. Ng3 h5 10. g5 Nfd7 11. h4 b4 12. Nd1 c5 13. c3 bxc3 14. bxc3 0-0 15. Be2 a5 16. 0-0 Ba6 17. Nb2 Qc7 18. f4 Bxe2 19. Nxe2 d5 20. exd5 Nxd5 21. Bf2 e6 22. Nd3 c4 23. Ne5 N7b6 24. Ng3 Rfb8 25. Ne4 Na4 26. Rab1 Rxb1 27. Rxb1 Rb8 28. Rxb8+ Qxb8 29. Qc2 Bxe5 30. fxe5 Qb2 31. Qxb2 Nxb2 32. Be1 Na4 33. Kf2 Ne7 34. Kf3 Nb6 35. Nd6 Nf5 36. Ke4 Kf8 37. Nb7 a4 38. Nc5 Ke7 39. Kf3 Kd8 40. Bf2 Kc7 41. d5 Nxd5 42. Nxa4 Kc6 43. Be1 Kb5 44. Nb2 Nb6 45. Nd1 Na4 46. Bf2 Kc6 47. Be1 Kd5 48. Kf4 Nc5 49. Nb2 Ne7 50. Bf2 Nd7 51. Nd1 Nf5 52. a4 Nxe5 53. Ne3+ Nxe3 54. Bxe3 Nd3+ 55. Kf3 Ne5+ 56. Kf4 Nc6 57. Bb6 Ne7 58. a5 Kd6 59. Ke4 Kc6 60. Ke5 Nd5 61. Kd4 Nxb6 62. axb6 Kxb6 63. Kxc4 Kc6 64. Kd4 Kb5 65. Ke5 Kc4 66. Kf6 Kxc3 67. Kxf7 e5 68. Kxg6 e4 69. Kxh5 e3 70. g6 e2 71. g7 e1Q 72. g8Q Qe5+ 73. Qg5 Qe8+ 74. Kg4 Qe2+ 75. Kh3 Qf1+ 76. Kg3 Qg1+ 77. Kf4 Qf1+ 78. Ke5 Qb5+ 79. Kf6 Qc6+ 80. Kg7 Qd7+ 81. Kh6 Qd6+ 82. Kh5 Qd1+ 83. Kg6 Qd3+ 84. Qf5 Qg3+ 85. Kh5 Qg7 86. Qf4 Kb3 87. Qf3+ Kb2 88. Qf5 Ka2 89. Qg6 Qe5+ 90. Kh6 Qh8+ 91. Kg5 Qe5+ 92. Qf5 Qg7+ 93. Kf4 Qd4+ 94. Qe4 Qf6+ 95. Kg3 Qc3+ 96. Kh2 Qc7+ 97. Kg2 Qg7+ 98. Kf3 Qc3+ 99. Kf2 Qf6+ 100. Kg1 Qb6+ 101. Kh1 Qc5 102. Qf3 Qd4 103. h5 Qh4+ 104. Kg2 Qg5+ 105. Kh3 Qc1 1-0

[Event "Tagaytay City zt 3.3"]
[Site "Tagaytay City"]
[Date "2017.03.01"]
[Round "5"]
[White "Garma, Chito"]
[Black "Goh, Wei Ming Kevin"]
[Result "0-1"]
[WhiteElo "2336"]
[BlackElo "2457"]
[PlyCount "90"]
[EventDate "2017.02.25"]
[EventType "swiss"]
[EventRounds "9"]
[EventCountry "PHI"]
[SourceTitle "CBM 177 Extra"]
[Source "ChessBase"]
[SourceDate "2017.04.27"]
[SourceVersion "1"]
[SourceVersionDate "2017.04.27"]
[SourceQuality "1"]

1. e4 e6 2. d4 d5 3. Nd2 Be7 4. e5 c5 5. c3 Nc6 6. Ndf3 f6 7. Bd3 Nh6 8. Bxh6 gxh6 9. Qc1 fxe5 10. dxe5 Bg5 11. Qd1 Qc7 12. Nh3 Nxe5 13. Bb5+ Bd7 14. Bxd7+ Kxd7 15. Qa4+ Ke7 16. Nfxg5 hxg5 17. 0-0 g4 18. f4 gxf3 19. Rae1 Rag8 20. Qh4+ Kd7 21. g3 Kc8 22. Qf6 Nd3 23. Re3 Nxb2 24. Qxe6+ Kb8 25. Rexf3 Rd8 26. Rf7 Qb6 27. Qe5+ Ka8 28. Rb1 Nd3 29. Rxb6 Nxe5 30. Rbxb7 Nxf7 31. Rxf7 d4 32. cxd4 cxd4 33. Rf2 Rhe8 34. Nf4 Kb7 35. Rc2 Re1+ 36. Kf2 Re5 37. h4 Kb6 38. h5 Rd7 39. Rd2 Kb5 40. h6 Rd6 41. Kf3 Re3+ 42. Kf2 Kc4 43. Ne2 Rf6+ 44. Kg2 d3 45. Nf4 Rxf4 0-1

[Event "Tagaytay City zt 3.3"]
[Site "Tagaytay City"]
[Date "2017.02.28"]
[Round "4"]
[White "Laylo, Darwin"]
[Black "Garma, Chito"]
[Result "1-0"]
[WhiteElo "2445"]
[BlackElo "2336"]
[PlyCount "85"]
[EventDate "2017.02.25"]
[EventType "swiss"]
[EventRounds "9"]
[EventCountry "PHI"]
[SourceTitle "CBM 177 Extra"]
[Source "ChessBase"]
[SourceDate "2017.04.27"]
[SourceVersion "1"]
[SourceVersionDate "2017.04.27"]
[SourceQuality "1"]

1. d4 Nf6 2. Nf3 e6 3. c4 Bb4+ 4. Nbd2 0-0 5. a3 Bxd2+ 6. Qxd2 b6 7. g3 Bb7 8. Bg2 d6 9. 0-0 Nbd7 10. b3 Be4 11. Bb2 Re8 12. Rfd1 Qc8 13. Qc3 Qb7 14. Bf1 a5 15. Nd2 Bc6 16. Rac1 Ra7 17. a4 Qb8 18. f3 Bb7 19. e4 e5 20. Bg2 c5 21. dxe5 dxe5 22. Nf1 Nf8 23. Ne3 Bc6 24. Rd2 Rd7 25. Rcd1 Rd4 26. Nf5 Rxd2 27. Qxd2 Bd7 28. Nd6 Re7 29. f4 Ng6 30. fxe5 Nxe5 31. Bxe5 Rxe5 32. Qf4 Re7 33. e5 Ng4 34. Nxf7 Qf8 35. Bd5 Be6 36. Bxe6 Rxe6 37. Ng5 Qxf4 38. gxf4 Re8 39. Rd6 h6 40. Ne6 g5 41. Nc7 Rc8 42. Nd5 Rb8 43. h3 1-0

[Event "Tagaytay City zt 3.3"]
[Site "Tagaytay City"]
[Date "2017.02.27"]
[Round "3"]
[White "Garma, Chito"]
[Black "Gomez, John Paul"]
[Result "1/2-1/2"]
[WhiteElo "2336"]
[BlackElo "2481"]
[PlyCount "22"]
[EventDate "2017.02.25"]
[EventType "swiss"]
[EventRounds "9"]
[EventCountry "PHI"]
[SourceTitle "CBM 177 Extra"]
[Source "ChessBase"]
[SourceDate "2017.04.27"]
[SourceVersion "1"]
[SourceVersionDate "2017.04.27"]
[SourceQuality "1"]

1. e4 e6 2. d4 d5 3. exd5 exd5 4. Bd3 Nc6 5. c3 Bd6 6. h3 Nge7 7. Nf3 0-0 8. 0-0 Bf5 9. Qc2 Qd7 10. Bxf5 Qxf5 11. Qxf5 Nxf5 1/2-1/2

[Event "Subic Bay op"]
[Site "Subic Bay"]
[Date "2016.12.11"]
[Round "9"]
[White "Gagunashvili, Merab"]
[Black "Garma, Chito"]
[Result "1-0"]
[WhiteElo "2588"]
[BlackElo "2332"]
[PlyCount "75"]
[EventDate "2016.12.06"]
[EventType "swiss"]
[EventRounds "9"]
[EventCountry "PHI"]
[SourceTitle "CBM 176 Extra"]
[Source "ChessBase"]
[SourceDate "2017.03.02"]
[SourceVersion "1"]
[SourceVersionDate "2017.03.02"]
[SourceQuality "1"]

1. d4 d5 2. c4 c6 3. Nf3 Nf6 4. e3 g6 5. Nc3 Bg7 6. Be2 0-0 7. 0-0 Ne4 8. Qb3 b6 9. Rd1 Kh8 10. cxd5 Nxc3 11. bxc3 cxd5 12. c4 Ba6 13. Bf1 dxc4 14. Bxc4 Bxc4 15. Qxc4 Qc8 16. Qb3 Qf5 17. Ba3 Nc6 18. Rac1 Rfc8 19. Qa4 Qd5 20. Rc2 a5 21. Rb1 Rab8 22. Rb5 Qd7 23. h3 e6 24. Qb3 a4 25. Qxa4 Ra8 26. Qb3 Na5 27. Rxc8+ Qxc8 28. Qd3 Nc4 29. Bc5 Ra4 30. Qb3 Qa6 31. Bxb6 Rxa2 32. Qxc4 Bf8 33. Ne5 f6 34. Qxe6 Ra1+ 35. Kh2 fxe5 36. Qxe5+ Kg8 37. Qd5+ Kg7 38. Bc7 1-0

[Event "Subic Bay op"]
[Site "Subic Bay"]
[Date "2016.12.10"]
[Round "7"]
[White "Dimakiling, Oliver"]
[Black "Garma, Chito"]
[Result "0-1"]
[WhiteElo "2404"]
[BlackElo "2332"]
[PlyCount "78"]
[EventDate "2016.12.06"]
[EventType "swiss"]
[EventRounds "9"]
[EventCountry "PHI"]
[SourceTitle "CBM 176 Extra"]
[Source "ChessBase"]
[SourceDate "2017.03.02"]
[SourceVersion "1"]
[SourceVersionDate "2017.03.02"]
[SourceQuality "1"]

1. Nf3 d5 2. d4 c6 3. e3 Bf5 4. c4 e6 5. Nc3 Nd7 6. Be2 Bd6 7. Qb3 Rb8 8. Bd2 h6 9. h3 Ngf6 10. g4 Bh7 11. Rg1 Ne4 12. h4 0-0 13. g5 h5 14. cxd5 exd5 15. g6 Bxg6 16. Rxg6 Nxd2 17. Rxg7+ Kxg7 18. Kxd2 Rh8 19. Qc2 Qe7 20. Ng5 f6 21. Nf3 Rbg8 22. Qf5 Kf8 23. Bd3 Ke8 24. e4 Rg2 25. Re1 Rxf2+ 26. Kd1 Kd8 27. exd5 Qf8 28. dxc6 bxc6 29. Be4 Qh6 30. Qa5+ Bc7 31. Qa4 Rg8 32. Qxc6 Rgg2 33. Ne2 Qf8 34. Nd2 Rh2 35. Nc4 Qb4 36. Bc2 Qxe1+ 37. Kxe1 Rxe2+ 38. Kd1 Rxc2 39. Qd5 Rcg2 0-1

[Event "Subic Bay op"]
[Site "Subic Bay"]
[Date "2016.12.09"]
[Round "6"]
[White "Garma, Chito"]
[Black "Yu, Manny"]
[Result "1-0"]
[WhiteElo "2332"]
[BlackElo "2295"]
[PlyCount "53"]
[EventDate "2016.12.06"]
[EventType "swiss"]
[EventRounds "9"]
[EventCountry "PHI"]
[SourceTitle "CBM 176 Extra"]
[Source "ChessBase"]
[SourceDate "2017.03.02"]
[SourceVersion "1"]
[SourceVersionDate "2017.03.02"]
[SourceQuality "1"]

1. e4 e6 2. d4 d5 3. Nd2 c5 4. Ngf3 Nc6 5. c3 cxd4 6. cxd4 dxe4 7. Nxe4 Bb4+ 8. Bd2 Bxd2+ 9. Qxd2 Nf6 10. Bd3 0-0 11. Rc1 Nd5 12. 0-0 Bd7 13. Nc5 Rb8 14. Bb5 Ne5 15. dxe5 Bxb5 16. Rfd1 Qe7 17. Nd4 Bc6 18. b4 Rfc8 19. a3 Nb6 20. Rc3 Rd8 21. Rg3 Kh8 22. Qf4 Nd7 23. Qg4 g6 24. Nxd7 Rxd7 25. b5 Bd5 26. Qf4 Rc7 27. Rh3 1-0

[Event "PHI-ch"]
[Site "Manila"]
[Date "2016.06.23"]
[Round "5"]
[White "Garma, Chito"]
[Black "Bersamina, Paulo"]
[Result "0-1"]
[WhiteElo "2305"]
[BlackElo "2378"]
[PlyCount "46"]
[EventDate "2016.06.20"]
[EventType "tourn"]
[EventRounds "13"]
[EventCountry "PHI"]
[SourceTitle "CBM 173 Extra"]
[Source "ChessBase"]
[SourceDate "2016.08.29"]
[SourceVersion "1"]
[SourceVersionDate "2016.08.29"]
[SourceQuality "1"]

1. e4 c5 2. Nf3 e6 3. Nc3 a6 4. d4 cxd4 5. Nxd4 Bc5 6. Be3 d6 7. Qg4 Nf6 8. Qg3 e5 9. Nde2 Bxe3 10. Qxe3 0-0 11. 0-0-0 Nc6 12. f3 Be6 13. g4 b5 14. Ng3 Qa5 15. Rxd6 Rfc8 16. Nf5 Bxf5 17. gxf5 b4 18. Rxf6 bxc3 19. Rg1 Nd4 20. Bc4 Rxc4 21. Rd6 Ne2+ 22. Qxe2 Qxa2 23. bxc3 Qa3+ 0-1

[Event "Quezon City op"]
[Site "Quezon City"]
[Date "2014.12.12"]
[Round "10"]
[White "Pimentel, Joel"]
[Black "Garma, Chito"]
[Result "1-0"]
[WhiteElo "2265"]
[BlackElo "2322"]
[PlyCount "57"]
[EventDate "2014.12.06"]
[EventType "swiss"]
[EventRounds "10"]
[EventCountry "PHI"]
[SourceTitle "CBM 163 Extra"]
[Source "ChessBase"]
[SourceDate "2014.12.23"]
[SourceVersion "1"]
[SourceVersionDate "2014.12.23"]
[SourceQuality "1"]

1. d4 d6 2. e4 Nd7 3. g3 g6 4. Bg2 Bg7 5. Ne2 Ngf6 6. 0-0 0-0 7. h3 c6 8. Be3 e5 9. c3 Re8 10. Nd2 Qc7 11. f4 Nf8 12. g4 exf4 13. Bxf4 b5 14. e5 dxe5 15. Bxe5 Rxe5 16. dxe5 N6d7 17. Ne4 Bxe5 18. Nd4 Bb7 19. Qf3 f6 20. Rac1 Kg7 21. Nf2 Rb8 22. Nd3 Qd6 23. Nxe5 Nxe5 24. Qf4 h6 25. h4 Re8 26. g5 hxg5 27. hxg5 f5 28. Qxf5 Nfd7 29. Qh3 1-0

[Event "Quezon City op"]
[Site "Quezon City"]
[Date "2014.12.08"]
[Round "4"]
[White "Grigoryan, Avetik"]
[Black "Garma, Chito"]
[Result "1-0"]
[WhiteElo "2580"]
[BlackElo "2322"]
[PlyCount "75"]
[EventDate "2014.12.06"]
[EventType "swiss"]
[EventRounds "10"]
[EventCountry "PHI"]
[SourceTitle "CBM 163 Extra"]
[Source "ChessBase"]
[SourceDate "2014.12.23"]
[SourceVersion "1"]
[SourceVersionDate "2014.12.23"]
[SourceQuality "1"]

1. c4 e5 2. Nf3 Nf6 3. Nc3 Nc6 4. e4 Bb4 5. d3 0-0 6. a3 Bxc3+ 7. bxc3 d6 8. g3 h6 9. Bg2 Be6 10. 0-0 Qd7 11. Nh4 g5 12. Nf3 Kh7 13. Rb1 Rab8 14. h4 g4 15. Ne1 Rg8 16. Nc2 Ne7 17. Ne3 b5 18. d4 Qe8 19. Nd5 Nexd5 20. cxd5 Bd7 21. Be3 a5 22. dxe5 dxe5 23. Qd2 Rg6 24. c4 bxc4 25. Qxa5 Ra8 26. Qxc7 Rc8 27. Qa5 Ba4 28. Rfc1 Bb3 29. Qc3 Nd7 30. Bf1 Ra6 31. Be2 h5 32. Bd2 Rxa3 33. Qe3 Qe7 34. Qh6+ Kg8 35. Qxh5 Nf6 36. Qg5+ Kf8 37. Qh6+ Ke8 38. Bg5 1-0